Checoslovaquia en mares y océanos

Bibliographic Details
Main Author: Machota, Jiří (Author)
Format: Book
Language:Spanish
Published: Praga Agencia de Prensa Orbis 1989

MARC

LEADER 00000nam a2200000 a 4500
001 vtls001338913
003 SK-MaSNL
005 20260301070100.0
008 240315s1989 xr 0 spa
035 |a SNK000291962 
040 |a SNK  |b slo  |c SNK  |e AACR2 
041 0 |a spa 
044 |a xr  |c CZ 
100 1 |a Machota, Jiří  |4 aut  |9 385758 
245 1 0 |a Checoslovaquia en mares y océanos 
260 |a Praga  |b Agencia de Prensa Orbis  |c 1989 
958 |a OND 
999 |c 633045  |d 634975 
952 |a SNK  |b SNK  |y PREZ  |7 0  |p 17A0852425  |o snkSB 45281   |0 0  |1 0  |4 0  |d 2012-07-09  |l 0  |r 2026-02-23 17:29:39  |w 2026-02-23 
952 |t P60, <04>, [BOOK], {604}  |a SNK  |b SNK  |y VYP  |7 0  |p 17A0154551  |o snkSB 45281 D1  |0 0  |1 0  |4 0  |d 1998-08-10  |l 0  |r 2005-01-02 00:00:00  |w 2026-02-23